00839nam a2200253Ia 450000500170000000800410001702000150005808200170007311000430009024500580013325000190019130000530021049000170026365000390028065000460031965000370036594200120040226400330041433600270044733700330047433800280050704000350053599900150057020220317001155.0160825s2001 mx g 000 0 spa  a970625245204a636.4 bC25c2 aCentro de Estudios Agropecuarios9718910aCrianza de porcinoscCentro de Estudios Agropecuarios a1a. edición  a123 páginas bfotos en blanco y negro c23 cm  aAgronegocios142LEMBaCerdosxCría y desarrollo 142LEMBaCerdosxAlimentación y alimentos 142LEMBaCerdosxCuidado e higiene  2ddccBK aMéxicobIberoamericac2001 atextobtxt2rdacontent asin mediaciónbn2rdamedia avolumenbnc2rdacarrier aCO-BoRNBPbspaerdacCO-BoRNBP c6145d6145